Kvalita života domácností SR a znalostná ekonomika

Analýza kvality života slovenských domácností, vyhodnotenie jej doterajších zmien a posúdenie súčasného stavu. Predikcia možných vývojových trendov kvality života vo vzťahu k budovaniu znalostnej ekonomiky.

Gespeichert in:
Bibliographische Detailangaben
1. Verfasser: Holková, Vieroslava
Format: Buchkapitel
Sprache:Slowakisch
Schlagworte:
Tags: Tag hinzufügen
Keine Tags, Fügen Sie das erste Tag hinzu!

MARC

LEADER 00000nla$a2200000$$$4500
001 0120794
005 20240502072352.1
041 0 |a slo 
044 |a SK 
245 1 0 |a Kvalita života domácností SR a znalostná ekonomika  |c Vieroslava Holková 
520 |a Analýza kvality života slovenských domácností, vyhodnotenie jej doterajších zmien a posúdenie súčasného stavu. Predikcia možných vývojových trendov kvality života vo vzťahu k budovaniu znalostnej ekonomiky. 
610 2 0 |a kvalita života 
610 2 0 |a domácnosti 
610 2 0 |a Slovensko 
610 2 0 |a ekonomika vedomostná 
100 1 |a Holková, Vieroslava